LEADER 01048nam0-2200325---450- 001 990008135220403321 005 20080303103915.0 035 $a000813522 035 $aFED01000813522 035 $a(Aleph)000813522FED01 035 $a000813522 100 $a20050622d1948----km-y0itay50------ba 101 1 $aita 102 $aIT 105 $ay-------001yy 200 1 $aLiberazione dell'uomo$erichiami di energetica spirituale, dalla materia allo spirito, dalla persona a Dio$fAdolphe Ferrière$g[trad. di Enzo Enriques Agnoletti] 210 $aFirenze$cLa Nuova Italia$d1948 215 $a186 p.$d21 cm 225 1 $aEducatori antichi e moderni$v59 610 0 $aUomo$aFilosofia 676 $a128$v21$zita 700 1$aFerrière,$bAdolphe$f<1879-1960>$0396592 702 1$aEnriques Agnoletti,$bEnzo$f<1909?1986> 801 0$aIT$bUNINA$c20050622$gRICA$2UNIMARC 901 $aBK 912 $a990008135220403321 952 $aP.1 FG 1256$bBibl. 23767$fFLFBC 959 $aFLFBC 996 $aLiberation de l'homme$924547 997 $aUNINA LEADER 01228nam2-2200349---450- 001 990003342260203316 005 20091030151338.0 010 $a0-444-86277-3 035 $a000334226 035 $aUSA01000334226 035 $a(ALEPH)000334226USA01 035 $a000334226 100 $a20091030d1981----km-y0itay50------ba 101 $aeng 102 $aNL 105 $a||||||||001yy 200 1 $aSpectral theory of differential operators$eproceedings of the conference held at the University of Alabama in Birmingham, Alabama, U.S.A., march 26-28, 1981$fedited by Ian W. Knowles...[et al.] 210 $aAmsterdam [etc.]$cNorth-Holland publishing$dcopyr. 1981 215 $aXV, 384 p.$d24 cm 225 2 $aNorth-Holland mathematics studies$v55 410 1$1001000334222$12001$aNorth-Holland mathematics studies$v55 606 0 $aOperatori differenziali$xCongressi$yBirmingham$z1981 676 $a515.7242 702 1$aKNOWLES,$bIan M. 801 0$aIT$bsalbc$gISBD 912 $a990003342260203316 951 $a510 NMS (55)$b6441/CBS$c510$d00111519 959 $aBK 969 $aSCI 979 $aRSIAV7$b90$c20091030$lUSA01$h1513 996 $aSpectral theory of differential operators$9240403 997 $aUNISA LEADER 02127nas 2200637-a 450 001 996251326103316 005 20240413015820.0 011 $a2369-5293 035 $a(DE-599)ZDB2809167-X 035 $a(CKB)954925546276 035 $a(CONSER)cn-86030205- 035 $a(EXLCZ)99954925546276 100 $a19860624a19859999 --- a 101 0 $aeng 181 $ctxt$2rdacontent 182 $cc$2rdamedia 183 $acr$2rdacarrier 200 00$aJournal of palliative care 210 $aToronto $c[University of Toronto Press, for the Palliative Care Foundation$d1985]- 215 $a1 online resource 300 $aRefereed/Peer-reviewed 300 $aPublished: Thousand Oaks, CA : SAGE Pub., 2017-. 311 $aPrint version: Journal of palliative care. (DLC)cn 86030205 (OCoLC)746104567 0825-8597 531 $aJ PALLIATIVE CARE 531 $aJ PALLIAT C 531 $aJ PALLIAT CARE 531 $aJ. PALLIATIVE CARE 531 0 $aJ. palliat. care 606 $aTerminal care$xPeriodicals 606 $aPalliative Care 606 $aTerminal Care 606 $aSoins en phase terminale$xPériodiques 606 $aTerminal care$2fast$3(OCoLC)fst01147835 606 $aSoins en phase terminale$2rasuqam 606 $aSoins palliatifs$2rasuqam 608 $aPeriodical. 608 $aPeriodicals.$2fast 608 $aPeriodicals.$2lcgft 608 $aPériodique électronique (Descripteur de forme)$2rasuqam 608 $aRessource Internet (Descripteur de forme)$2rasuqam 615 0$aTerminal care$xPeriodicals. 615 2$aPalliative Care. 615 2$aTerminal Care. 615 6$aSoins en phase terminale$xPériodiques. 615 7$aTerminal care. 615 17$aSoins en phase terminale. 615 7$aSoins palliatifs. 676 $a362.1/75/05 686 $acci1icc$2lacc 712 02$aClinical Research Institute of Montreal.$bCenter for Bioethics. 712 02$aPalliative Care Foundation. 906 $aJOURNAL 912 $a996251326103316 920 $aexl_impl conversion 996 $aJournal of palliative care$92369472 997 $aUNISA